00663cas a22001814i 4500952009000000999001700090001001000107003001000117005001700127008004100144040004100185041000800226100002800234245004600262300006300308773010200371942000800473 001040708HEMaFUSBCbFUSBCd2016-01-26l0o r2016-01-26 00:00:00w2016-01-26yANA c50783d50783768714001CO-MdFUSB20180409161753.0180409s2004 cr ||||| |||| 00| 0 spa d aCO-MdFUSBbspacCO-MdFUSBdCO-MdFUSB aspa1 aSimpson, Charleseautor10aEl patriarcado en el regazo del feminismo aVolumen 6. Número 14 (2004), páginas 219-220c: 28 cm.0 tConquista Cristiana049446960363gVolumen 6. Número 14 (2004), páginas 219-220qpágina 219 cANA